Most Spoken World Languages with Exceptions - Statistics

General Stats
  • This quiz has been taken 1,177 times
    1,154 since last reset
  • The average score is 14 of 20
Answer Stats
Speakers Language % Correct
360 mil English
100%
405 mil Spanish
98%
75 mil French
96%
89 mil German
95%
215 mil Portuguese
95%
110 mil Russian
94%
59 mil Italian
92%
21 mil Dutch
86%
40 mil Polish
84%
24 mil Romanian
76%
19 mil Serbo-Croatian
72%
30 mil Ukrainian
71%
13 mil Hungarian
57%
24 mil Igbo
50%
25 mil Amharic
49%
28 mil Yoruba
45%
34 mil Hausa
40%
15 mil Somali
40%
24 mil Oromo
28%
18 mil Malagasy
17%
No matching quizzes found
Score Distribution
Percent of People with Each Score
Percentile by Number Answered
Your Score History
You have not taken this quiz since the last reset